General Studies Manual for Assam Civil Services Examination/ (Record no. 208997)
[ view plain ]
| 000 -LEADER | |
|---|---|
| fixed length control field | 01686nam a22002177a 4500 |
| 005 - DATE AND TIME OF LATEST TRANSACTION | |
| control field | 20250211155908.0 |
| 010 ## - LCCN (DPL NO) | |
| LC control number | ENG-143753 |
| 020 ## - INTERNATIONAL STANDARD BOOK NUMBER | |
| International Standard Book Number | 9789364445337 |
| Terms of availability | 1099.00 |
| 035 ## - SYSTEM CONTROL NUMBER | |
| System control number | EN-127285 |
| 037 ## - SOURCE OF ACQUISITION | |
| Source of stock number/acquisition | DBAD |
| 082 ## - DEWEY DECIMAL CLASSIFICATION NUMBER | |
| Classification number | 000 |
| 100 ## - MAIN ENTRY--PERSONAL NAME | |
| Personal name | Das, Raj Kumar |
| 245 ## - TITLE STATEMENT | |
| Title | General Studies Manual for Assam Civil Services Examination/ |
| Statement of responsibility, etc | By Raj Kumar Das [and] Biswajit Dutta |
| 250 ## - EDITION STATEMENT | |
| Edition statement | 5 |
| 260 ## - PUBLICATION, DISTRIBUTION, ETC. (IMPRINT) | |
| Place of publication, distribution, etc | Chennai |
| Name of publisher, distributor, etc | McGraw Hill Education Private Limited |
| Date of publication, distribution, etc | 2025 |
| 270 ## - ADDRESS | |
| City | Chennai |
| Address | Anjana Complex No. 5/90 A, Butt Road, St Thomas Mount |
| Postal code | 600016 |
| 300 ## - PHYSICAL DESCRIPTION | |
| Extent | 903p. |
| Dimensions | 26cm(pb) |
| 500 ## - GENERAL NOTE | |
| General note | The General Studies Manual for Assam Civil Services Examination is an essential resource for aspirants preparing for Assam Civil Services (ACS), ALRS (Assam Land and Revenue Services), APS (Assam Police Services), and other important state competitive exams. Designed to provide comprehensive coverage of the syllabus for both Prelims and Mains, this authoritative fifth edition is thoroughly updated and revised as per the new exam pattern. It includes chapter-wise segregation for APSC 2023 (prelims + main) questions with PYQs, along with an in-depth trend analysis and an updated Current Affairs section. To further support aspirants, the book comes with detachable maps featuring detailed information on the 35 districts of Assam, offering a valuable visual aid for preparation. With its structured content and exam-focused approach, this manual is crafted to help candidates excel in their journey toward success. Grab your copy today and take a step closer to achieving your goals! |
| 700 ## - ADDED ENTRY--PERSONAL NAME | |
| Personal name | Dutta, Biswajit |
| Relator term | Author |
| 9 (RLIN) | 77497 |
| 942 ## - ADDED ENTRY ELEMENTS (KOHA) | |
| Source of classification or shelving scheme | Dewey Decimal Classification |
| Item type | English Books |
| Classification part | 000 |
| Call number suffix | DAS |
| Withdrawn status | Lost status | Not for loan | Collection code | Home library | Current library | Date acquired | Source of acquisition | Cost, normal purchase price | Full call number | Barcode | Copy number | Cost, replacement price | Koha item type |
|---|---|---|---|---|---|---|---|---|---|---|---|---|---|
| Non-fiction | Central Library | Central Library | 11/02/2025 | Delivery of Books Act Division | 1099.00 | 000 DAS | EN-127285 | 1 | 1099.00 | English Books |
